| 000 | 00634nam a22001577a 4500 | ||
|---|---|---|---|
| 008 | 160416b xxu||||| |||| 00| 0 eng d | ||
| 082 |
_22007 _aUT 0088 _bR24 |
||
| 100 |
_95809 _aRedoblado, Karren T. |
||
| 245 |
_aMothers' awareness on proper nutrition and the health condition of children at purok Abono barangay Aplaya, Digos City/ _cKarren T. Redoblado, Golda Mae V. Cubol and Jehilie c. Altarejos. |
||
| 260 |
_aDigos City: _bUMDC _cOctober 2007. |
||
| 300 |
_a38 pages; _c28 cm. |
||
| 650 | 0 |
_95810 _aNursing _xUndergraduate thesis. |
|
| 700 |
_95811 _aCubol, Golda Mae V. |
||
| 700 |
_95812 _aAltarejos, Jehilie C. |
||
| 942 |
_2ddc _cUT |
||
| 999 |
_c1830 _d1830 |
||